000 00773nam a2200265Ia 4500
003 OSt
005 20221006142121.0
006 a|||||r|||| 00| 0
007 ta
008 221006b |||||||| |||| 00| 0 eng d
020 _c731.08
024 _a5,336
037 _cTextual
040 _aEASL
_cEASL
_beng
041 _2eng
_aeng
082 _aW6.42.N88, M9
100 _aISHIDA Takeshi Ed.
_9646916
245 0 _aDemocracy in Japan
260 _aPittsburgh
_bUniversity of Pittsburgh Press
_c1989
300 _a354p.
_ccm.
490 _v JEL
_aPitt series in policy and institutional studies
700 _a KRAUSS Ellis S Ed.
_9427836
942 _hW6.42.N88, M9
_cTEXL
_2CC
999 _c1073422
_d1073422